MDQL
is popping MORE tags! Check the
thread
!
Quizzes
Events
Quiz Creation
Community
Videos
Private Events
Remove Ads
Sign In
Join for FREE
Feedback
Dark Mode
Quiz Categories
Sports
Geography
Music
Movies
Television
Just For Fun
Miscellaneous
History
Literature
Language
Science
Gaming
Entertainment
Religion
Holiday
For Kids
Quiz Lab
Recent
Popular Today
Quiz Kudos Today
Editor Picks
Curator Picks
Quizzes by...
Day
Popularity
Type
Ratings
Length
Year
Community
Subscriptions
Recent Discussions
Orange Saloon
Badges
Playlists
Quests
Create
Leaderboards
Showdown
Live 5
Trivia Bingo
Activity
Puzzle Library
Sporcle Events
Private Events
Virtual Trivia
Globe League
Become a Host
Pub Owners
SporcleCon
Opinionation
Our Games
Videos
Blog
Mobile Apps
Partnerships
Remove Ads and Go Orange
Feedback
Music
Pop Music
The Beatles
Song
Album
Lyrics
Bands
Singers
Artist
Clip
Rock
Rap
Classical
Billboard
Country Music
Kpop
Taylor Swift
Music
Pop Music
The Beatles
Song
Album
Lyrics
Bands
Singers
Artist
Clip
Rock
Rap
Classical
Billboard
Country Music
Kpop
Taylor Swift
Random Quiz
Search Sporcle
×
Quiz Lab
Quiz Lab
Music
The Beatles
Type in answers that appear in a list
Type in answers that appear in a list
Classic
Best Score? Go Orange.
The Beatles or Britney Spears? Stats
Can you name the whether the lyric is sung by The Beatles or Britney Spears??
By
smoggy14
6m
20 Questions
1,992 Plays
1,992 Plays
1,992 Plays
Comments
Comments
Give Quiz Kudos
Give Quiz Kudos
-
- Ratings
hide this ad
More Info
Forced Order
Answers have to be entered in order
Answers have to be entered in order
Wrong Answers
Some wrong answers will appear in red
Some wrong answers will appear in red
Replay
Link that replays current quiz
Next Quiz
Link to next quiz in quiz playlist
You Got
0%
They Got
Avg Score
79%
Avg Friend Score
Upgrade to see
Score Distribution
Jump to the score distribution portion of the page
Score
0/20
Timer
06:00
0
Plays Today
Lyric
Artist
% Correct
With a taste of a poison paradise/
I'm addicted to you
???
92.2%
I know I may be young, but I've got feelings too/
And I need to do what I feel like doing.
???
90.3%
I'll give you all I got to give if you say you'll love me too/
I may not have a lot to give but what I got I'll give to you
???
88.2%
Someone to love/
Somebody new/
Someone to love/
Someone like you
???
87.9%
There's only two types of people in the world/
The ones that entertain, and the ones that observe
???
86.9%
You know I work all day to get you money to buy you things/
And it's worth it just to hear you say you're going to give me everything
???
86.2%
There's nothing you can make that can't be made/
No one you can save that can't be saved
???
85.3%
Ooh I need your love babe/
Guess you know it's true/
Hope you need my love babe/
Just like I need you
???
84.1%
And now the time has come/
And so my love I must go/
And though I lose a friend In the end/
You will know
???
84.1%
What we do is innocent, Just for fun and nothing meant.
???
81.3%
Lyric
Artist
% Correct
Doesn't have a point of view/
Knows not where he's going to/
Isn't he a bit like you and me?
???
81%
Don't matter if I step on the scene/
Or sneak away to the Phillipines
???
79.6%
Well, work it on out, honey/
You know you look so good.
???
79.6%
Living is easy with eyes closed/
Misunderstanding all you see/
It's getting hard to be someone but it all works out/
It doesn't matter much to me
???
78.8%
Wishing the heroes, they truly exist/
I cry, watching the days
???
74.5%
Let me tell you how it will be/
There's one for you, nineteen for me
???
72.8%
There's nothing that I wouldn't do/
That's not the way I planned it.
???
71.9%
I guess when you have one too many, makes it hard/
It could be easy who you are
???
68.6%
I've seen her once or twice before she knows my face/
But it's hard to see with all the people standing in the way
???
57.6%
Everywhere people stare/
Each and every day/
I can see them laugh at me/
And I hear them say
???
56.7%
Quiz Playlist
Details
Report
Send in Message
Add To Playlist
More Info:
Type "Be" for Beatles or "Br" for Britney
Classic:
Type in answers that appear in a list
Forced Order:
Answers have to be entered in order
Wrong Answers:
Some wrong answers will appear in red
Last Updated: Feb 16, 2017
Quiz Scoreboard
CHALLENGE
Sign Up to Join the Scoreboard
Show All
Scores
Hide
Comments
May contain spoilers
Recently Published
Two Season TV Shows II
by 123Four
Television
10m
Image Sorting: Flags VI
by Barbecue
Geography
2m
Find the 'City' Movie
by crazypaving
Movies
60s
More to Explore
Quiz From the Vault
Featured Blog Post
14 Easter Pick-up Lines to Find Eggs With
hide this ad
You Might Also Like...
Tags
Lyrics Quiz
Pop Music Quiz
The Beatles Quiz
Britney Spears
Classic Rock
Pop Idol
Today's Top Quizzes in Music
Browse Music
hide this ad
Today's Top Quizzes in The Beatles
Browse The Beatles
Top Contributed Quizzes in Music
1
5X2 Blitz: Bands II
2
5X2 Blitz: The Beatles
3
Taylor Swift All Songs (2024)
4
5X2 Blitz: Billboard
5
5X2 Blitz: Billboard II
6
Music Artist by Three 2010s hits
7
5X2 Blitz: Album
8
5X2 Blitz: Rock
9
5X2 Blitz: Singers
10
5X2 Blitz: Lyrics
Explore More
Trending Topics
Crossword
Marvel
NBA
Harry Potter
Kpop
Disney
Anime
Song
NFL
The Office
Pokémon
Puzzle
WWE
Soccer
Country
hide this ad
More By:
smoggy14
Quiz
Plays
Rating
Category
Featured
Created
MLB First 40 HR Player by Team
67,965
4.55
Sports
Aug 30, 2010
Hail Sizes
16,963
4.33
Science
Jun 10, 2011
ESPN's Mt. Rushmore of Sports
12,278
4.21
Sports
Oct 7, 2009
Beat Joe DiMaggio's Hitting Streak
8,115
2.24
Sports
Nov 4, 2010
Sports Word Ladder
6,262
4.19
Sports
May 5, 2010
Go to Creator's Profile
Score Distribution
Quiz Creator Spotlight
smoggy14
Follow
Send a Message
Quizzes Created
-
Created Quiz Play Count
-
More By This Creator
Popular Quizzes Today
1
Find the US States - No Outlines Minefield
2
Colored Red Africa Blitz
3
Find the 'City' Movie
4
5x2 Blitz: Bands
5
The Countries of the World
6
Find the Countries of Europe - No Outlines Minefield
7
Find the US States
8
US States
More Music Quizzes
Members of kpop boy groups by one member
Quiz Lab
Trending Quizzes
Colored Red Europe Blitz I
Colored Red Africa Blitz II
Colored Red Europe Blitz II
Colored Red Africa Blitz III
Even More Two Season TV Shows
Recently Updated
March Madness Men's Triple Doubles
pecheneg
How Do You Spell That?
pecheneg
Godzilla Movies
pecheneg
Grab Bag: 4-10 Letters
pecheneg
2024 March Madness Bracket
pecheneg
Famous TV Couples
Peacemaker
Champions League XIs: Real Madrid
pecheneg
Largest US Cities 1790-2010
pecheneg
Rides in Walt Disney World
pecheneg
Most Oscar Losses (Acting)
pecheneg
Trending Topics
Anime
Disney
Marvel
Harry Potter
Kpop
Crossword
NBA
NFL
The Office
Song
Puzzle
Soccer
Pokémon
Country
WWE
Your Account Isn't Verified!
In order to create a playlist on Sporcle, you need to verify the email address you used during registration. Go to your
Sporcle Settings
to finish the process.
Report this User
Report this user for behavior that violates our
Community Guidelines
.
Details:
Send Report
Go to the Sporcle.com Mobile Site →
Comments